00825nam a2200253 a 4500001001300000003000900013005001700022008004100039020001200080082001500092100002200107245006200129260004900191300000900240500003500249505005200284650002500336650004000361700002200401902000800423942000700431952011600438999001700554nice12345678IN_TiNIC20260116013729.0050524s1995 newa grp 000 0 eng  ac852.500a297.5bREI aReinhart, A Kevin aBefore Revelationb the Boundaries of Uslim Moral Thought aNew YorkbState University of New Yorkc1995 a255p aincludes index and biblioraphy2 aSelrcted Bibliography, Abbreviation, Commentary aIslam-Moral Theology aIslamic-Law Interpretarion and Cons1 aReinhart, A Kevin bSRS cBK 001040708StackRoom-aHMIbHMId2009-03-16g852.50l0o297.5 REIp018354r2009-03-16v852.50w2005-05-24yBK c12200d12200